| 000 | 00565nam a2200193 4500 | ||
|---|---|---|---|
| 001 | 121138 | ||
| 003 | ES-MaACL | ||
| 005 | 20230906191710.0 | ||
| 007 | t| | ||
| 008 | 070214s1970 sp r ||||1| spa d | ||
| 100 | 1 |
_aPons Franco, Salvador. _993011 |
|
| 245 | 1 | 0 |
_aParroquia y misión en la eclesiología del Vaticano II / _cSalvador Pons Franco. |
| 260 |
_aAlcoy : _bMarfil, _c1970. |
||
| 300 |
_a387 p. ; _c22 cm. |
||
| 490 | 1 |
_aFé concreta ; _v6 |
|
| 830 | 0 |
_aFé concreta ; _v6 _9218726 |
|
| 852 |
_aES-MaACL _jC-47530 _bR.76006 |
||
| 999 |
_c121138 _d121138 |
||